000 00998cam a22003257a 4500
003 CHAP
005 20220817043409.0
008 971013s1955 r 00010 d
010 _a74351
011 _a75323
035 _a84883
040 _cCHAP
090 _aFolleto 1925
100 0 0 _aCarranza, Jorge.
_919337
245 1 3 _aLa pesca del atún y sus posibilidades en el Golfo de México
260 _aMéxico, D.F. :
_bIMRNR,
_c1955
300 _a33 p.
_b: ilus.
490 0 _aEdiciones del IMRNR
_v; 11
590 _aBATCH-UPD
_b10
_c20130110
_lUCH01
_h0344
590 _aBATCH-UPD
_b10
_c20130110
_lUCH01
_h1950
590 _aBATCH-UPD
_b10
_c20130410
_lUCH01
_h0018
590 _aBATCH-UPD
_b10
_c20130914
_lUCH01
_h0851
590 _aCONVERSION
_b10
_c20130109
_lUCH01
_h1341
650 1 4 _aPesca.
650 1 4 _aRecursos naturales
_xConservación.
830 0 _aEdiciones del IMRNR
_v; 11
_935355
901 _aBK
942 _cFOLL
949 _aFolleto 1925
_bBC
_cFOLL
_d-40455
_eTS1
_i84883
_si
999 _c74351
_d74351